000 00488nam a2200181Ia 4500
001 16600
005 20260306170321.0
008 260306t2021||||xx |||||||||||||| ||und||
041 _aESP
082 _a348.8
_bD84D
110 _aDivisión de Estudios Jurídicos de Gaceta Jurídica
245 0 _aEl derecho laboral y previsional en la jurisprudencia constitucional
260 _c2021
300 _a334 páginas :
_c
650 _aGEN
654 _aCDE
942 _cLIB
_dJUS
_fJUS
_2ddc
_n
999 _c16600
_d16600